|
|
|
|
| LEADER |
00000nam a2200000 a 4500 |
| 005 |
20120116151245.0 |
| 007 |
cr|||| |||| |
| 008 |
101004s2010 sp 000 0 spa c |
| 020 |
|
|
|a 9788476989470
|
| 035 |
|
|
|a 6032
|
| 040 |
|
|
|d vLex
|
| 080 |
|
|
|a 347.23(467.1)
|
| 090 |
|
|
|c 2925
|d 2925
|
| 100 |
1 |
|
|a Mart ̕Mart,̕ Joaquim
|
| 245 |
1 |
3 |
|a La Regulacin̤ de la Propiedad Horizontal en Catalunya
|h [Recurso electrn̤ico] :
|b (Ley del "Parlament de Catalunya" 5/2006, de 10 de mayo, del Libro Quinto del Cd̤igo Civil de Catalunya, relativo a derechos reales) : regulacin̤ normativa comentada y con jurisprudencia actualizada que la interpreta /
|c Joaquim Mart ̕Mart̕
|
| 250 |
|
|
|a 2® ed.
|
| 256 |
|
|
|a Servicio en ln̕ea
|
| 260 |
|
|
|a Barcelona :
|b Bosch,
|c 2010
|
| 300 |
|
|
|a 1 recurso electrn̤ico
|
| 505 |
8 |
|
|a Contiene: 1. Constitucin̤ ; 2. Cuota de participacin̤ ; 3. Compraventa de piso o local ; 4. Obras privativas ; 5. Obras comunitarias ; 6. Convocatorias, juntas de propietarios y r̤ganos de gobierno ; 7. Acuerdos ; 8. Actividades molestas, insalubres o peligrosas ; 9. Conjuntos inmobiliarios, parcelas, parkings y trasteros
|
| 506 |
1 |
|
|a Contenido solo disponible en los productos indicados
|d vLex Global
|d vLex Global (Academic Edition, excluding Law Schools)
|d vLex Global (U.S. Academic Edition, Law Schools)
|d vLex Global (U.S. Academic Edition, excluding Law Schools)
|d vLex Global (Academic Edition, Law Schools)
|
| 650 |
0 |
4 |
|a Comunidades de propietarios
|z Cataluą
|
| 650 |
0 |
4 |
|a Propiedad horizontal
|x Derecho y legislacin̤
|z Cataluą
|
| 710 |
1 |
|
|a Cataluą.
|t Ley del libro quinto del Cd̤igo Civil de Cataluą, relativo a los derechos reales
|
| 740 |
0 |
|
|a vLex Libros (Servicio en ln̕ea)
|
| 856 |
4 |
0 |
|u http://vlex.com/source/regulacion-propiedad-horizontal-catalunya-6032
|z Acceso restringido
|
| 942 |
|
|
|c BOOK
|
| 999 |
0 |
|
|a Condominiums
|
| 999 |
0 |
|
|a Commercial law
|